| 000 | 00364nam a22001577a 4500 | ||
|---|---|---|---|
| 005 | 20231031180058.0 | ||
| 008 | 231031b |||||||| |||| 00| 0 eng d | ||
| 082 |
_a0.32 _bENC |
||
| 245 | _aEncylopaedia Britannica | ||
| 260 |
_aUSA _bWilliam Benton _c1966 |
||
| 300 | _a1116 | ||
| 490 | _vVOL-11 | ||
| 500 | _aInclude Index | ||
| 650 | _aRefrence | ||
| 999 |
_c34648 _d34648 |
||